[Event "Caplin British Online-ch Open 2020"]
[Site "Online"]
[Date "2020.12.22"]
[Round "2.13"]
[White "Wille, Thomas"]
[Black "Arora, Tashika"]
[Result "1/2-1/2"]
[WhiteElo "2048"]
[BlackElo "1744"]
[Annotator "TA"]
[PlyCount "75"]
[EventDate "2020.12.21"]
[EventType "swiss"]
[EventCountry "NET"]
[SourceTitle "playchess.com"]
[Source "ChessBase"]
[SourceQuality "1"]

{[%evp 22,75,35,35,43,38,45,40,41,44,72,68,75,58,49,43,67,-27,-40,-24,-30,-33,-35,-52,-39,-82,-43,-39,-53,-38,0,-6,0,0,0,0,0,0,0,0,0,0,0,0,0,0,0,-73,-76,-72,0,0,0,-65,0,-52]} 1. e4 c5 2. Nf3 d6 3. Bb5+ Bd7 4. Bxd7+ Qxd7 5. c4 Nc6 6. Nc3 Nf6 7. d4 cxd4 8. Nxd4 g6 9. f3 Bg7 10. Be3 O-O 11. O-O Rac8 12. b3 Qd8 {B52: Sicilian: Moscow Variation with 3...Bd7.} 13. Qd2 Qa5 14. Rac1 Rfd8 {White is slightly better.} 15. Rfd1 {[#]} e6 $146 ({Predecessor:} 15... a6 16. Qf2 Re8 17. Nxc6 Rxc6 18. Bd4 e5 19. Be3 b5 20. Bg5 bxc4 21. b4 Qd8 {1-0 (45) Hernandez Sanchez,J (2412)-Vitier Vazquez,C (2370) La Vega 2019}) 16. Nde2 Rd7 17. Nb5 {Threatens to win with Qxa5.} Qxd2 18. Rxd2 Rcd8 19. Nxa7 (19. Ned4 $14) 19... Nxa7 $11 20. Bxa7 Bh6 21. f4 Nxe4 22. Rd4 f5 {aiming for ...Ra8.} 23. a4 e5 24. Rd3 exf4 25. Rcd1 Ra8 26. Bb6 Re7 27. Nc3 Nxc3 28. Rxc3 Rae8 29. Rcd3 Re1+ 30. Rxe1 Rxe1+ {[%mdl 4096] Endgame KRB-KRB} 31. Kf2 Rb1 32. Bc7 Bf8 33. a5 Kf7 34. Rd5 (34. Bxd6 $11 {keeps the balance.} Bxd6 35. Rxd6) 34... Rb2+ $17 35. Kf1 {[#]} Rb1+ (35... f3 $1 $17 {[%cal Rf3g2]} 36. gxf3 Rxb3) 36. Kf2 $11 Rb2+ (36... Rxb3 $11 37. Rb5 Ra3) 37. Kf1 $15 Rb1+ (37... f3 $5 38. gxf3 Rxb3 $17) 38. Kf2 {Weighted Error Value: White=0.16/Black=0.11} 1/2-1/2

[Event "Caplin British Online-ch Open 2020"]
[Site "Online"]
[Date "2020.12.22"]
[Round "2.14"]
[White "Idle, Oscar"]
[Black "Evans, Harry G"]
[Result "0-1"]
[WhiteElo "1722"]
[BlackElo "1985"]
[Annotator "TA"]
[PlyCount "112"]
[EventDate "2020.12.21"]
[EventType "swiss"]
[EventCountry "NET"]
[SourceTitle "playchess.com"]
[Source "ChessBase"]
[SourceQuality "1"]

{[%evp 21,112,45,43,-7,12,0,35,0,6,6,29,25,63,58,60,63,65,59,175,196,171,209,177,210,253,243,232,136,141,150,154,147,147,149,158,143,129,112,92,100,91,54,289,289,289,316,291,289,277,277,367,367,367,367,367,366,366,366,366,366,366,337,342,213,289,225,256,249,249,249,242,208,235,208,194,194,194,-5,-5,-5093,-5089,-29978,-29967,-29989,-29990,-29990,-29991,-29991,-29988,-29988,-29989,-29992,-29993]} 1. d4 Nf6 2. Nf3 e6 3. c4 Bb4+ 4. Bd2 Qe7 5. g3 b6 6. Bg2 Bb7 7. O-O O-O 8. a3 Bxd2 9. Nbxd2 d6 10. Qc2 Nbd7 11. e4 e5 12. d5 {E16: Queen's Indian: 4 g3 Bb7 5 Bg2 Bb4+.} g6 13. Ne1 {[#]} Ng4 $146 ({Predecessor:} 13... Nh5 14. Bh3 Ng7 15. Ng2 f5 16. f4 exf4 17. gxf4 Rae8 18. Rae1 Qf6 19. Kh1 Nc5 20. exf5 gxf5 21. b4 Ne4 22. Nxe4 Rxe4 23. Rxe4 fxe4 24. Qxe4 Re8 25. Qd3 c6 26. Bd7 {1-0 (26) Veres,A (2168)-Hujo,J (2092) Slovakia 2011}) 14. h3 {White is slightly better.} Nh6 15. Nd3 f5 16. f4 fxe4 17. Nxe4 ({Much worse is} 17. Bxe4 Nf5 $11) 17... Nf5 {Threatening ...Ne3.} 18. Rae1 Rae8 19. g4 Ng7 (19... Nd4 $14 20. Qa4 a5) 20. fxe5 $18 Nxe5 21. Nxe5 dxe5 22. b4 Rf4 23. g5 Rxe4 24. Qxe4 ({Resist} 24. Bxe4 $6 Qxg5+ 25. Qg2 Qe7 $16) (24. Rxe4 $18 {Hoping for Qd2.} Bc8 25. Qc3) 24... Qxg5 25. Qg4 Qe7 26. c5 {[#] Strongly threatening d6.} Bc8 27. Qc4 Kh8 28. d6 cxd6 29. cxd6 Qxd6 30. Rd1 Qb8 31. Rc1 $40 {[%mdl 128] White has some attack.} (31. Qf7 {looks sharper.} Be6 32. Qf6 Kg8 33. Bc6 Rf8 34. Qxf8+ Qxf8 35. Rxf8+ Kxf8 36. Rd8+) 31... Qd6 $2 (31... e4 $14) 32. Qxc8 Rxc8 33. Rxc8+ Ne8 34. Rxe8+ Kg7 35. Re1 Qd4+ 36. Kh1 Qc3 37. R8xe5 Qxa3 38. Re7+ Kh6 39. R1e4 a5 40. bxa5 bxa5 41. h4 Qd3 42. Re3 Qd1+ 43. Re1 Qd6 44. R7e4 Qg3 45. Rf1 Qd3 46. Rg4 Qd7 47. Rff4 Qd1+ 48. Kh2 Qd6 {intending ...a4.} 49. Be4 $2 (49. Kh3 $18) 49... a4 $11 50. h5 $2 {[%mdl 8192]} (50. Kh3 $11) 50... g5 $19 {[%mdl 64] [#] Pin} 51. Kh3 gxf4 {Black mates.} 52. Rg2 Qe6+ {[%mdl 64] Double Attack} 53. Kh4 Qxe4 54. Rb2 Qh1+ 55. Kg4 Qg1+ 56. Kxf4 Qc1+ {Weighted Error Value: White=0.53/Black=0.25} 0-1

[Event "Caplin British Online-ch Open 2020"]
[Site "Online"]
[Date "2020.12.22"]
[Round "2.15"]
[White "Shearsby, Jude"]
[Black "Rathbone-Jones, Ifan"]
[Result "1-0"]
[WhiteElo "1673"]
[BlackElo "1941"]
[Annotator "TA"]
[PlyCount "97"]
[EventDate "2020.12.21"]
[EventType "swiss"]
[EventCountry "NET"]
[SourceTitle "playchess.com"]
[Source "ChessBase"]
[SourceQuality "1"]

{[%evp 9,97,16,27,5,5,14,21,14,25,-16,12,-8,8,2,11,6,-2,-27,-14,-29,0,-34,-40,-30,-30,-33,-33,-47,-36,-81,-54,-75,47,33,160,173,540,507,639,610,632,191,171,177,474,228,187,129,125,139,368,316,639,630,611,529,590,583,870,870,910,893,959,959,910,818,5152,5147,29949,29949,29952,29957,29956,29957,29953,5397,29966,29968,29960,4841,4841,4837,29984,29985,29985,29986,29986,29987,29987,29988]} 1. d4 d5 2. Bf4 Nf6 3. Nc3 a6 4. e3 g6 5. h4 Bg7 6. Be2 {D00: 1 d4 d5: Unusual lines.} h5 7. Nf3 Nbd7 8. Ne5 {The position is equal.} c6 {[#]} 9. a3 $146 ({Predecessor:} 9. g4 Nxe5 10. Bxe5 hxg4 11. Bxf6 exf6 12. Bxg4 f5 13. Bf3 Rxh4 14. Rg1 Qe7 15. Qd2 {1-0 (37) Palachev,P (2345)-Song,M (2421) Chess.com INT 2020}) 9... Nf8 10. O-O Ng4 11. Nxg4 hxg4 12. g3 f5 13. Bd3 Ne6 14. Ne2 Bf6 15. Kg2 c5 {[#] White must now prevent ...c4.} 16. c3 Kf7 17. Rh1 Bd7 18. Rc1 Bc6 19. Qd2 Ng7 20. Rh2 e5 (20... Rh7 $17) 21. dxe5 $14 (21. Bxe5 Bxe5 22. dxe5 c4 $15) 21... d4+ (21... Be7 $14) 22. Kg1 $16 Bxh4 (22... dxe3 {is more resistant.} 23. Bc4+ (23. fxe3 Be7 $16) (23. Bxe3 Bxe5 24. Bc4+ Ne6 $14) 23... Ne6) 23. gxh4 $18 Rxh4 24. exd4 Rxh2 25. Bxh2 (25. Bc4+ Bd5 26. Bxd5+ (26. Bxh2 Bxc4 27. Nf4 Ne6 $14) 26... Qxd5 27. Bxh2 (27. e6+ Nxe6 28. Bxh2 Rh8 $18)) 25... Qd5 {[%csl Gc6][%cal Rd5h1]} 26. f3 $1 Qxf3 $2 (26... Rh8 {was called for.}) 27. Ng3 (27. Bc4+ $142 Ke8 28. d5) 27... Qd5 28. Qe2 ({Better is} 28. Rf1 $18 Kg8 29. b4) 28... b5 $16 {[#]} 29. Qf2 $1 {Hoping for Be4.} cxd4 $2 {Black cannot hold the game after this.} (29... Kg8 $16 {was necessary.} 30. c4 Qxd4 31. Qxd4 cxd4) 30. cxd4 {Threatens to win with Be4.} Ne6 $2 (30... Kg8 31. Rc5 Qd7) 31. Be4 $1 $18 Qxd4 32. Qxd4 Nxd4 33. Bxc6 Nxc6 34. Rxc6 Rd8 35. Nf1 a5 36. e6+ Kf6 37. Bd6 Kxe6 38. Bc7+ Kd7 39. Bxd8 Kxc6 40. Bxa5 Kd5 41. Kf2 f4 42. Bc7 Ke4 43. Nd2+ Kf5 44. Nb3 (44. Nb1 $142 g3+ 45. Kf3 g5 46. Nc3 Ke6 47. Nxb5 Kd7 48. Kg2 Kc6 49. a4) 44... Ke4 45. Nc5+ Kf5 46. b3 {White mates.} g5 47. a4 g3+ 48. Kf3 g4+ 49. Kg2 {Weighted Error Value: White=0.42/Black=0.76} 1-0

[Event "Caplin British Online-ch Open 2020"]
[Site "Online"]
[Date "2020.12.22"]
[Round "2.17"]
[White "Gordon, Sean"]
[Black "Volovich, Julia"]
[Result "1/2-1/2"]
[WhiteElo "2039"]
[BlackElo "1674"]
[Annotator "TA"]
[PlyCount "89"]
[EventDate "2020.12.21"]
[EventType "swiss"]
[EventCountry "NET"]
[SourceTitle "playchess.com"]
[Source "ChessBase"]
[SourceQuality "1"]

{[%evp 9,89,14,20,13,29,-23,37,27,42,43,94,45,56,48,60,14,20,0,59,52,97,112,97,7,22,-229,-227,-205,-118,-151,-93,-139,-127,-141,-87,-88,-7,-12,0,-22,-31,-26,7,0,50,44,44,47,115,126,160,142,210,218,435,423,567,126,129,129,259,264,267,108,132,137,425,399,510,488,4594,-8,0,0,0,0,29,0,0,0,26,0]} 1. d4 Nf6 2. c4 g6 3. Nc3 d5 4. Qb3 dxc4 5. Qxc4 Be6 6. Qa4+ {D81: Grünfeld: 4 Qb3.} Bd7 7. Qd1 (7. Qb3 $142) 7... Bc6 {[#]} (7... c5 $11) 8. f3 $146 {White is slightly better.} ({Predecessor:} 8. Bf4 Bg7 9. e3 O-O 10. Nf3 Nd5 11. Bg3 Nxc3 12. bxc3 Nd7 13. Be2 b6 14. O-O {0-1 (52) Teglas,B (1995)-Fodor,I (2214) Balatonlelle 2006}) 8... Bg7 9. e4 e6 ({Better is} 9... e5 $14) 10. Be3 O-O 11. Qd2 a6 12. g4 b5 $1 13. h4 h5 (13... Bb7 $1 $11) 14. Bg5 $1 $14 hxg4 15. e5 {Hoping for h5.} gxf3 16. Rh3 (16. exf6 $16 Bxf6 17. Rh3) 16... b4 $11 17. Nb1 {[%mdl 8192]} (17. exf6 $11 bxc3 18. bxc3 Bxf6 19. Nxf3) 17... Ne4 $19 18. Bxd8 {aiming for Be7.} Nxd2 ({Black should try} 18... f2+ $19 19. Qxf2 Nxf2 20. Kxf2 Rxd8) 19. Be7 {[#]} Re8 $1 20. Bxb4 (20. Nxd2 Rxe7) 20... Nxf1 21. Kxf1 Bb5+ (21... Rd8 $142 22. Bc3 Bb5+ 23. Ke1 f2+ 24. Kxf2 c5) 22. Kf2 $17 Rd8 (22... Nd7 $17 23. Nxf3 Rec8) 23. Nxf3 $11 Nd7 {[%cal Bb8d7,Bd7b6,Bb6d5][%mdl 32]} 24. Nc3 Bc6 25. Ba5 Nb6 (25... Rab8 $5 {[%cal Rb8b2]} 26. Rb1 Nb6 $11) 26. Ne2 Nd5 27. Rc1 Bb5 {...Bxe2 is the strong threat.} 28. Bd2 $1 Bxe2 (28... Rdb8 $14) 29. Kxe2 $16 Rab8 30. b3 Bf8 (30... Rd7 $16 31. h5 gxh5 32. Rxh5 Ne7) 31. h5 $1 $18 Bb4 $2 (31... Rd7 32. hxg6 fxg6) 32. hxg6 fxg6 33. Rg3 $2 (33. Rch1 $18 {and the rest is easy. Rh8+ would kill now.} g5 34. Nxg5) 33... Bxd2 $16 34. Kxd2 Kg7 (34... Kf7 $16) 35. Ng5 $1 $18 {[%cal Rg5e6]} Rb6 36. Rf1 (36. Rh3 $18 Rh8 37. Rxh8 Kxh8 38. Rc5) 36... Rf8 37. Rh1 Rf2+ $2 {[%mdl 8192] [#]} (37... Rh8 $16 38. Rxh8 Kxh8 39. Rh3+ Kg8) 38. Ke1 $1 Rxa2 39. Rh7+ Kg8 {[#]} (39... Kf8 $142 40. Rgh3 Ra1+ 41. Kd2 Ke8) 40. Rd7 $2 ({Only move:} 40. Rgh3 $1 $18 {Threatening mate with Rh8+.} Ra1+ 41. Kd2 Ra2+ 42. Kd1 Ne3+ 43. Rxe3 Ra1+ 44. Kc2 Ra2+ 45. Kb1) 40... Ra1+ 41. Kd2 {Strongly threatening Rh3.} Ra2+ 42. Kd1 Ra1+ (42... Rc6 $5 {[%cal Rc6c2]}) 43. Kd2 {Black must now prevent Rh3.} Ra2+ 44. Kd1 {And now Rh3 would win.} Ra1+ 45. Kd2 {White used his chance.  Weighted Error Value: White=0.55/Black=0.47} 1/2-1/2

[Event "Caplin British Online-ch Open 2020"]
[Site "Online"]
[Date "2020.12.23"]
[Round "3.1"]
[White "Ghasi, Ameet K"]
[Black "Adams, Michael"]
[Result "0-1"]
[WhiteElo "2485"]
[BlackElo "2716"]
[Annotator "TA"]
[PlyCount "78"]
[EventDate "2020.12.21"]
[EventType "swiss"]
[EventCountry "NET"]
[SourceTitle "playchess.com"]
[Source "ChessBase"]
[SourceQuality "1"]

{[%evp 12,78,-33,-27,-26,-27,-13,-48,-21,-59,-59,-74,-75,-68,-69,-77,-67,-86,-81,-81,-52,-74,-61,-83,-80,-82,-60,-91,-89,-101,-74,-83,-62,-81,-68,-93,-86,-72,-44,-39,-32,-27,-32,-95,-114,-239,-236,-466,-242,-239,-230,-288,-270,-282,-266,-356,-254,-254,-254,-252,-254,-254,-237,-819,-803,-747,-736,-811,-778]} 1. Nf3 Nf6 2. g3 c5 3. Bg2 Nc6 4. O-O e5 5. d3 d5 6. Bg5 Be7 7. Nfd2 Ng8 {A08: King's Indian Attack.} 8. Bxe7 Ngxe7 9. Nc3 {[#]} O-O $146 {Black is slightly better.} ({Predecessor:} 9... Be6 10. e4 O-O 11. exd5 Nxd5 12. Nde4 b6 {½-½ (12) Rossi,C (2315)-Manca,F (2420) Chianciano Terme 1991}) 10. Na4 b6 11. c4 d4 12. a3 Rb8 13. Nf3 Qd6 14. Qd2 a5 15. e3 Ng6 16. Rfe1 h6 17. Qc2 Be6 18. exd4 exd4 19. Nd2 Nge5 20. b3 Qd7 21. Nb2 Rfe8 22. Re2 Bg4 23. f3 Bf5 24. Rae1 Kf8 25. Ne4 Re7 26. Nf2 Rbe8 27. h3 (27. g4 $15) 27... g5 $17 28. Na4 {This costs White the game.} (28. h4 $17) 28... Qc7 $19 29. Qd2 $2 {[#]} (29. g4 Bd7 30. h4) 29... Ng6 (29... Nxf3+ $142 $1 {[%mdl 512]} 30. Bxf3 Qxg3+ {[%mdl 64] Double Attack} 31. Bg2 Ne5 32. Rxe5 Rxe5 33. Rxe5 Rxe5 34. Nxb6 Re3) 30. Rxe7 Rxe7 31. Rxe7 Ncxe7 ({Weaker is} 31... Ngxe7 32. f4 $15) 32. f4 gxf4 33. Ne4 Bd7 (33... fxg3 $2 34. Qxh6+ Ke8 35. Qg5 $19) 34. Nf6 {[#] aiming for Nxb6!} Bxa4 35. bxa4 Qd6 36. Nh5 {[%cal Rg3f4]} Nf5 ({Not} 36... fxg3 37. Qxh6+ Ke8 38. Qg5 $17) 37. gxf4 $2 (37. Be4 Ng7 38. Nxf4) 37... Ngh4 {Black is clearly winning.} 38. Qe2 Qg6 39. Qg4 Nxg2 {Weighted Error Value: White=0.49/Black=0.15} 0-1

[Event "Caplin British Online-ch Open 2020"]
[Site "Online"]
[Date "2020.12.23"]
[Round "3.2"]
[White "Turner, Matthew J"]
[Black "Fernandez, Daniel Howard"]
[Result "1-0"]
[WhiteElo "2509"]
[BlackElo "2466"]
[Annotator "TA"]
[PlyCount "47"]
[EventDate "2020.12.21"]
[EventType "swiss"]
[EventCountry "NET"]
[SourceTitle "playchess.com"]
[Source "ChessBase"]
[SourceQuality "1"]

{[%evp 9,47,44,46,4,10,21,24,14,25,10,14,8,13,0,29,47,64,54,82,84,89,92,88,52,56,56,45,21,25,25,29,35,33,31,22,29,356,368,505,482]} 1. d4 d6 2. e4 Nf6 3. Nc3 e5 4. dxe5 dxe5 5. Qxd8+ Kxd8 6. f4 {B07: Pirc Defence: Miscellaneous Systems.} Bb4 7. Bd3 Nc6 8. Nf3 {White has an edge.} Re8 9. fxe5 Nxe5 10. Nxe5 Rxe5 11. Bf4 Ra5 12. Bd2 Rh5 {[#]} 13. h3 $146 ({Predecessor:} 13. O-O-O Bg4 14. Rdf1 h6 15. h3 Be6 16. g4 Rc5 17. Bxh6 Bxc3 18. Bxg7 Nxe4 19. Bxc3 Nxc3 20. bxc3 Rxc3 {1-0 (47) Karasev,V (2328)-Ostashevsky,G (2118) Sochi 2015}) 13... Be6 14. O-O-O Ke8 15. a3 Bd6 16. g4 Re5 17. Rhe1 h5 18. g5 Nh7 19. h4 Bg4 20. Be2 $36 {[%mdl 2048] Black is under pressure.} Bxe2 21. Rxe2 Re6 22. Nb5 {And now e5! would win.} g6 $2 {[%mdl 8192] [#]} (22... Rd8 $11 {and Black is okay.}) 23. e5 $1 $18 Rc8 24. Nxa7 {Weighted Error Value: White=0.06/Black=0.53} ({Less strong is} 24. Nxd6+ cxd6 25. Bc3 dxe5 $14) 1-0

[Event "Caplin British Online-ch Open 2020"]
[Site "Online"]
[Date "2020.12.23"]
[Round "3.3"]
[White "Hebden, Mark L"]
[Black "Finn, Peter"]
[Result "0-1"]
[WhiteElo "2453"]
[BlackElo "1959"]
[Annotator "TA"]
[PlyCount "132"]
[EventDate "2020.12.21"]
[EventType "swiss"]
[EventCountry "NET"]
[SourceTitle "playchess.com"]
[Source "ChessBase"]
[SourceQuality "1"]

{[%evp 9,132,-13,-12,-12,-16,-20,-44,-41,1,-19,14,0,22,0,12,-30,-13,-60,-62,-47,-37,-26,-8,-17,-8,0,-8,0,0,-6,-12,-148,-153,-148,-138,-141,-138,-136,-22,-116,-43,-86,0,-111,-118,-121,-113,-106,-98,-87,0,0,110,-10,-11,-39,-41,-30,-40,-73,-97,-88,-71,-68,-74,-111,-101,-136,-107,-102,-112,-258,-106,-416,-178,-285,-259,-270,-258,-339,-246,-464,-450,-1122,-1134,-1011,-461,-454,-393,-1018,-970,-1563,-1512,-1440,-1440,-1608,-1608,-29946,-29949,-12839,-4710,-4133,-16,-1213,-472,-404,-375,-29976,-29978,-29978,-29975,-29975,-29976,-29976,-29977,-29983,-29981,-29981,-29982,-29982,-29983,-29983,-29984,-29984,-29985]} 1. d4 Nf6 2. Nf3 d5 3. c4 e6 4. Bg5 dxc4 5. Nc3 a6 6. e4 {D24: Queen's Gambit Accepted: 3 Nf3 Nf6 4 Nc3.} b5 7. a4 b4 {[#]} 8. Ne2 $146 {Black is slightly better.} ({Predecessor:} 8. Na2 Bb7 9. e5 h6 10. Bh4 g5 11. Nxg5 hxg5 12. Bxg5 Qd5 13. Bxf6 Rg8 14. h4 {0-1 (23) McCambridge,V (2400)-Shimanov,A (2629) Las Vegas 2018}) 8... Be7 9. Ng3 Nbd7 10. Bxc4 Bb7 11. Qe2 O-O 12. e5 Nd5 13. Bd2 c5 14. dxc5 Nxc5 15. a5 Bc6 16. O-O Bb5 17. Bxb5 axb5 18. Nd4 Nf4 19. Qe3 Bg5 20. Nc6 {[#]} (20. Nge2 $1 $11 {keeps the balance.} Nxe2+ 21. Qxe2) 20... Nh3+ $1 $17 {[%mdl 576] Discovered Attack} 21. gxh3 Bxe3 22. Nxd8 Bxd2 23. Nc6 Nb3 (23... Ra6 $1 $17 {[%cal Ra6c6]} 24. Rad1 Rxc6 25. Rxd2 Nb3) 24. Rad1 (24. Ne4 $1 $11 {remains equal.}) 24... Bf4 (24... Ra6 $17 25. Ne7+ Kh8) 25. Nh5 Bd2 26. Ng3 $1 Ra6 27. Ne7+ Kh8 28. Ne4 Bf4 29. Rd6 Rxd6 (29... Rxa5 $17 30. Rfd1 Raa8) 30. exd6 $11 {Strongly threatening Nc6.} f5 {[#]} (30... Nxa5 $11 31. d7 g6) 31. Nc6 fxe4 32. d7 Bc7 33. Rd1 $1 {Black must now prevent a6.} Nxa5 34. d8=Q Bxd8 35. Nxd8 $17 {[%mdl 4096] Endgame KRN-KRN} h6 36. Nxe6 Re8 37. Nc7 Re5 38. Rd4 Nc6 39. Rd6 Rc5 40. Na6 {[#]} (40. Ne6 $17 Rc1+ 41. Kg2) 40... Rc2 (40... Rc1+ $1 $19 {and Black stays clearly on top.} 41. Kg2 Rc2) 41. Re6 $2 {[%mdl 8192]} (41. b3 $17) 41... Kg8 (41... b3 $142 42. Nc7 Rxb2 43. Nxb5 Rc2 44. Rxe4 b2) 42. Kg2 (42. b3 {was necessary.}) 42... Kf7 $19 43. Rxe4 Rxb2 44. Nc5 Rc2 45. Nd3 (45. Nb3) 45... b3 46. Ne5+ (46. Re1 $142 Kf6 47. h4) 46... Nxe5 47. Rxe5 {KR-KR} b2 (47... b4 $142 48. Re4 b2 49. Rxb4 Ke6) 48. Rxb5 Ke6 49. Kg3 $2 (49. Kf3) 49... Kd6 50. h4 Kc6 51. Rb8 Kd5 52. f4 h5 53. f5 Ke4 54. Rb5 Ke3 (54... Kd3 $142 55. Kf4 Rc4+ 56. Kg5 Kc3 57. Rxb2 Kxb2 58. Kxh5 Rc6) 55. h3 Ke4 $2 (55... Kd2 $19 56. Kf4 Kc1) 56. Rb8 $2 {[%mdl 8192]} (56. f6 $11) 56... Kxf5 (56... Kd3 $142 57. Kf4 Rc4+ 58. Kg5 Kc3 59. Rxb2 Kxb2 60. Kxh5 Rc6) 57. Kf3 Ke5 58. Rb7 $2 (58. Ke3 $19) 58... Kd4 {Black mates.} 59. Kf4 Rg2 60. Kf3 Rd2 61. Kf4 Kc3 62. Kg5 Rd5+ 63. Kg6 Rd4 64. Rxb2 Kxb2 65. Kxh5 Rd6 66. Kg5 Kc3 {Weighted Error Value: White=0.94/Black=0.69} 0-1

[Event "Caplin British Online-ch Open 2020"]
[Site "Online"]
[Date "2020.12.23"]
[Round "3.4"]
[White "Gurner, Jem"]
[Black "Wadsworth, Matthew J"]
[Result "0-1"]
[WhiteElo "1800"]
[BlackElo "2416"]
[Annotator "TA"]
[PlyCount "108"]
[EventDate "2020.12.21"]
[EventType "swiss"]
[EventCountry "NET"]
[SourceTitle "playchess.com"]
[Source "ChessBase"]
[SourceQuality "1"]

{[%evp 9,108,17,18,14,19,0,-9,-12,-10,-15,4,2,-3,-6,-8,-25,-12,-21,-11,-33,0,0,-12,-34,-20,-40,-41,-60,-51,-55,-56,-64,-64,-77,-75,-77,-82,-83,-75,-89,-123,-133,-93,-93,-93,-93,-95,-94,-100,-95,-97,-108,-77,-97,-97,-135,-97,-120,-74,-155,-149,-145,-141,-212,-210,-236,-224,-287,-281,-298,-250,-392,-397,-514,-546,-575,-560,-537,-534,-616,-535,-619,-564,-540,-539,-598,-597,-710,-707,-645,-631,-748,-746,-720,-695,-29982,-29983,-29987,-29986,-29981,-29982]} 1. d4 Nf6 2. Nc3 d5 3. Bf4 c6 4. e3 Qb6 5. Rb1 Bf5 6. Bd3 {D00: 1 d4 d5: Unusual lines.} Bxd3 7. Qxd3 Nbd7 8. h3 {The position is equal.} e6 9. Nf3 {[#]} a5 $146 (9... Be7 {seems wilder.} 10. O-O O-O 11. b4 Qd8 12. Ne5 Nxe5 13. Bxe5 Nd7) ({Predecessor:} 9... Be7 10. O-O a5 11. Ne2 O-O 12. Ne5 Rfe8 13. Bh2 Nxe5 14. dxe5 Ne4 15. f3 Nc5 {0-1 (26) Hillmann,R-Lombardy,W Nice 1974}) 10. O-O Qa6 11. Qxa6 Rxa6 12. Ne5 Be7 13. Rfe1 O-O 14. e4 Bb4 15. Nxd7 Nxd7 16. Bd2 b5 17. Rbd1 Nb6 18. exd5 Bxc3 19. Bxc3 cxd5 20. Bd2 Rc8 21. c3 Nc4 22. Bc1 h6 23. Rd3 b4 24. b3 Nd6 25. Bd2 bxc3 26. Rxc3 Rxc3 27. Bxc3 $17 {[%mdl 4096] Endgame KRB-KRN} Nb5 28. Bb2 a4 29. Rc1 axb3 30. axb3 Nd6 31. Ra1 {[#]} Rb6 32. Ba3 Ne4 33. b4 Nd2 34. Kh2 (34. Bb2 $142) 34... Nc4 35. Kg3 Kh7 36. b5 (36. h4 $17) 36... Rxb5 $19 {[#] Hoping for ...Rb3+.} 37. Bc5 Nd2 38. Ra7 Ne4+ 39. Kf4 Kg6 ({Less strong is} 39... Nxc5 40. dxc5 Kg6 41. c6 $17) ({Don't play} 39... Nxf2 40. Rxf7 Nd3+ 41. Kg3 $19) 40. Rc7 (40. f3 $142 Nxc5 41. dxc5) 40... Nxf2 41. Ke5 Rb2 42. Kd6 Ne4+ 43. Ke7 Rxg2 44. Kf8 Rf2 45. Kg8 Nf6+ 46. Kf8 Nh7+ 47. Kg8 h5 48. Bd6 Ra2 {( -> ...Ra8+)} 49. Rc8 Ra7 50. Be5 f6 51. Bd6 Rd7 52. Bc5 f5 {Black mates.} 53. Ra8 Nf6+ 54. Kh8 f4 {Weighted Error Value: White=0.26/Black=0.10} 0-1

[Event "Caplin British Online-ch Open 2020"]
[Site "Online"]
[Date "2020.12.23"]
[Round "3.5"]
[White "Lalic, Bogdan"]
[Black "Toczek, Grzegorz"]
[Result "1/2-1/2"]
[WhiteElo "2402"]
[BlackElo "2271"]
[Annotator "TA"]
[PlyCount "71"]
[EventDate "2020.12.21"]
[EventType "swiss"]
[EventCountry "NET"]
[SourceTitle "playchess.com"]
[Source "ChessBase"]
[SourceQuality "1"]

{[%evp 23,71,26,32,30,15,7,20,16,29,18,24,5,41,34,71,65,66,74,87,67,68,74,121,101,472,442,462,164,181,175,176,178,159,165,197,171,165,154,155,133,137,41,29,39,37,9,0,0,0,0]} 1. d4 Nf6 2. c4 c5 3. d5 e6 4. Nc3 exd5 5. cxd5 d6 6. Nf3 g6 7. e4 Bg7 8. h3 O-O 9. Bd3 Re8 10. O-O c4 11. Bc2 b5 12. a3 a6 13. Re1 {A70: Modern Benoni: 6 e4 g6 7 Nf3.} Nbd7 14. Bf4 Qb6 15. Qd2 Bb7 16. Rad1 Rac8 17. Be3 Qd8 18. Bd4 {[#]} Nh5 $146 ({Predecessor:} 18... Nc5 19. Qf4 Nh5 20. Qd2 Bxd4 21. Nxd4 Qh4 22. Re3 Rc7 23. Rf3 Nd7 24. g4 Ng7 {0-1 (64) Iotov,V (2578)-Bogut,Z (2442) Novi Sad 2009}) 19. Bxg7 Kxg7 20. Nd4 Qf6 21. g3 Nc5 22. Qe3 Rc7 23. f4 Nxg3 $2 {[%mdl 8192]} 24. Qxg3 $18 Nd3 25. Nf5+ $2 (25. e5 Qxf4 26. Rxd3 Qxg3+ 27. Rxg3 Rxe5 28. Be4) 25... Kh8 {[#]} 26. Nxd6 {[%mdl 512]} Qxd6 27. Bxd3 cxd3 28. Rxd3 b4 29. axb4 Qxb4 30. Qf2 Rc4 31. Red1 f5 32. Rd4 (32. exf5 $16 Rxf4 {[#]} 33. Rd4 $1 Qxd4 34. Rxd4 Rxf2 35. Kxf2) 32... fxe4 $14 {aiming for ...e3.} 33. Rxc4 Qxc4 34. Qd4+ Qxd4+ 35. Rxd4 e3 {And now ...e2 would win.} 36. Kf1 {Weighted Error Value: White=0.27/Black=0.42} 1/2-1/2